Statystyki dla W czym podobne są kotki do kobiety?

Kliknij tutaj aby rozwiązać quiz!

Ogólne statystyki

  • Ten quiz został rozwiązany 5 razy
  • Średni wynik to 1 z 5

Statystyki odpowiedzi

Odpowiedź% Poprawnych
Drapią
100%
Są Wredne
33%
Dbają o higienę
0%
Mają humory
0%
Pokazują pazury
0%

Rozkład punktacji

Percentyl według liczby udzielonych odpowiedzi

Procent ludzi z każdym wynikiem

Twoja historia wyników

Nie rozwiązałeś tego quizu